| 000 | 00640cam a2200229 4500500 | ||
|---|---|---|---|
| 005 | 20260329004826.0 | ||
| 041 | _afre | ||
| 042 | _adc | ||
| 100 | 1 | 0 |
_aN’Diaye, Aïda _eauthor |
| 245 | 0 | 0 | _aLe travail nous fait-il perdre notre temps ? |
| 260 | _c2021. | ||
| 500 | _a58 | ||
| 690 | _aMarx | ||
| 690 | _aœuvre | ||
| 690 | _aOisiveté | ||
| 690 | _aSalaire | ||
| 690 | _aTemps | ||
| 690 | _aTravail | ||
| 690 | _aUtilité | ||
| 786 | 0 | _nPhilosophie magazine | 149 | 5 | 2021-05-01 | p. 71-71 | 1951-1787 | |
| 856 | 4 | 1 | _uhttps://shs.cairn.info/magazine-philosophie-magazine-2021-5-page-71?lang=fr&redirect-ssocas=7080 |
| 999 |
_c1837668 _d1837668 |
||